| 000 | 01007cam a22002414a 4500 | ||
|---|---|---|---|
| 999 |
_c57370 _d57370 |
||
| 001 | 14893814 | ||
| 005 | 20240415164628.0 | ||
| 008 | 070614s2009 paua b 001 0 eng | ||
| 010 | _a 2007024910 | ||
| 020 | _a9780781768528 X | ||
| 041 | _aeng | ||
| 080 | _a612 M-46 | ||
| 245 | 0 | 0 |
_aMedical physiology : _bprinciples for clinical medicine / _cedited by Rodney A. Rhoades, David R. Bell. |
| 250 | _a3rd ed. | ||
| 264 |
_aPhiladelphia : _bLippincott Williams & Wilkins, _c2009. |
||
| 300 |
_a816 p. : _bill. ; _c28 cm. |
||
| 653 | _aსამედიცინო ფიზიოლოგია: კლინიკური მედიცინის პრინციპები | ||
| 653 | _aმედიცინა | ||
| 700 | 1 |
_aRhoades, Rodney. _98340 _eრედაქტორი |
|
| 700 | 1 |
_aBell, David R., _d _98341 _eრედაქტორი |
|
| 856 |
_uhttps://books.google.ge/books?id=tBeAeYS-vRUC&source=gbs_ViewAPI&redir_esc=y _yელ. ვერსია |
||
| 942 |
_2udc _cBK |
||